000 00645nam a2200205Ii 4500
003 JO-AjNU
008 230605s9999||||xx |||||||||||||| ||und||
020 _a74
040 _aJO-AjNU
_bara
_erda
_cJO-AjNU
041 _aara
050 1 4 _aQC136 1989
100 3 _aالاتروشي ، صالح مصطفى,
_eauthor
_915516
245 0 0 _aالمايكروويف والحياه
264 3 1 _aبغداد:وزارة الثقافة والاعلام ، 1989
300 _a148ص
336 _atext
_btxt
_2rdacontent
337 _aunmediated
_bn
_2rdamedia
338 _avolume
_bnc
_2rdacarrier
650 4 _aالهندسة الفيزيائية
_915517
999 _aA4401
_c7969
_d7969